000 00436nam a2200133Ia 4500
008 151001s9999||||xx |||||||||||||| ||und||
100 _aवसंतराव देवरे
245 _aअखिल भारतीय मराठी साहित्य
250 _a1
260 _bसुमंगल पब्लिकेशन कंपनी मुंबई
260 _c1999
300 _a208
365 _b21
999 _c975647
_d975644